[Event "I Festival Spiaggia di Velluto A"]
[Site "Senigallia ITA"]
[Date "2010.07.30"]
[Round "6"]
[White "Burani, Eugenio"]
[Black "Cesarano, Marco"]
[Result "1-0"]
[WhiteElo "1947"]
[BlackElo "1845"]
[PlyCount "131"]
[EventDate "2010.07.26"]

1. e4 c5 2. Nf3 d6 3. d4 cxd4 4. Nxd4 Nf6 5. Nc3 g6 6. Be2 Bg7 7. O-O O-O 8.
Kh1 Nc6 9. Be3 d5 10. Nxc6 bxc6 11. e5 Nd7 12. f4 e6 13. Bg4 Ba6 14. Rf3 c5 15.
Bf2 Rb8 16. b3 g5 17. Rh3 gxf4 18. Bf5 h6 19. Bh4 Qc7 20. Qh5 Qxe5 21. Bg4 Qxh5
22. Bxh5 Kh7 23. Be7 Rfe8 24. Bd6 Rb6 25. Bxf4 Nf6 26. Bf3 e5 27. Bd2 e4 28.
Be2 Bxe2 29. Nxe2 Ng4 30. Rf1 e3 31. Be1 Kg8 32. Rhf3 Rb7 33. h3 Nf2+ 34. Kg1
Bd4 35. c3 Bxc3 36. Bxc3 d4 37. Nxd4 cxd4 38. Bxd4 Rbe7 39. Rg3+ Kh7 40. Rg7+
Kh8 41. Rxf7+ Kg8 42. Rxe7 Rxe7 43. Re1 Re4 44. Bxa7 Re7 45. Bc5 Re5 46. b4 Nd3
47. Rxe3 Rd5 48. a4 Nxc5 49. bxc5 Rxc5 50. Ra3 Ra5 51. Kf2 Kf7 52. Kf3 Ke6 53.
g4 Ke5 54. Re3+ Kf6 55. Re4 Rc5 56. h4 Rc1 57. Rb4 Kg6 58. Rb5 Kf6 59. a5 Ra1
60. g5+ hxg5 61. hxg5+ Kg6 62. Ke3 Ra2 63. Kd3 Ra1 64. Kc4 Ra2 65. Rd5 Rb2 66.
a6 1-0

[Event "I Festival Spiaggia di Velluto A"]
[Site "Senigallia ITA"]
[Date "2010.07.30"]
[Round "6"]
[White "De Paoli, Emilio"]
[Black "Loccisano, Giuseppe"]
[Result "1/2-1/2"]
[WhiteElo "1862"]
[BlackElo "1828"]
[PlyCount "33"]
[EventDate "2010.07.26"]

1. Nf3 Nf6 2. c4 g6 3. d4 d5 4. cxd5 Nxd5 5. e4 Nb6 6. Be3 Bg7 7. Qd2 O-O 8.
Nc3 Nc6 9. Rd1 Bg4 10. Be2 Qd7 11. Bh6 Bxf3 12. Bxf3 Nc4 13. Qc1 Bxh6 14. Qxh6
Nxb2 15. Rd2 Nc4 16. Rd1 Nb2 17. h4 1/2-1/2

[Event "I Festival Spiaggia di Velluto A"]
[Site "Senigallia ITA"]
[Date "2010.07.30"]
[Round "6"]
[White "Della Rocca, Giuseppe"]
[Black "Monducci, Mirko"]
[Result "0-1"]
[WhiteElo "1716"]
[BlackElo "1948"]
[PlyCount "114"]
[EventDate "2010.07.26"]

1. c4 c5 2. g3 g6 3. Bg2 Bg7 4. Nc3 Nc6 5. Nf3 Nf6 6. O-O O-O 7. d3 d6 8. Rb1
Ng4 9. Bd2 Nge5 10. Nxe5 Bxe5 11. f4 Bd4+ 12. e3 Bg7 13. a3 Bf5 14. Ne4 Qd7 15.
Nf2 Qc8 16. b4 Rb8 17. b5 Nd8 18. Qb3 Bd7 19. a4 b6 20. Bc3 f6 21. d4 Nb7 22.
Ne4 Bh3 23. Bxh3 Qxh3 24. d5 Qd7 25. Qd1 h6 26. g4 f5 27. Bxg7 Kxg7 28. Nf2 e6
29. gxf5 Rxf5 30. dxe6 Qxe6 31. Qd3 Re8 32. Ng4 h5 33. Qc3+ Kh7 34. e4 Rff8 35.
f5 gxf5 36. Qh3 Qg6 37. Rxf5 Rxf5 38. exf5 Qxg4+ 39. Qxg4 hxg4 40. Kg2 Re4 41.
f6 Kg6 42. Rf1 Kf7 43. Rf5 Rxc4 44. Rh5 Kxf6 45. Rh7 Rxa4 46. Rxb7 d5 47. Rc7
Ke5 48. Kg3 Kf5 49. Rf7+ Kg6 50. Re7 c4 51. Rd7 c3 52. Rxd5 Rc4 53. Rd1 c2 54.
Rc1 Kf5 55. Kf2 Kf4 56. Ke2 Rc5 57. Kd2 Ke5 0-1

[Event "I Festival Spiaggia di Velluto A"]
[Site "Senigallia ITA"]
[Date "2010.07.30"]
[Round "6"]
[White "Frontini, Fabio"]
[Black "Marsili, Riccardo"]
[Result "1/2-1/2"]
[WhiteElo "1965"]
[BlackElo "1914"]
[PlyCount "106"]
[EventDate "2010.07.26"]

1. e4 c5 2. Nf3 Nc6 3. Bb5 g6 4. Bxc6 dxc6 5. O-O Bg7 6. c3 e5 7. d3 Ne7 8. Bg5
O-O 9. Qd2 f6 10. Be3 b6 11. h3 Ba6 12. Rd1 Qd6 13. Ne1 Rad8 14. Na3 f5 15. f3
Rd7 16. c4 Rfd8 17. Qe2 f4 18. Bf2 g5 19. g4 fxg3 20. Bxg3 Ng6 21. b3 Nf4 22.
Qf1 Qd4+ 23. Bf2 Qb2 24. Nac2 Nxd3 25. Nxd3 Qxc2 26. Ne1 Rxd1 27. Nxc2 Rxf1+
28. Kxf1 Bc8 29. h4 Rd2 30. Ne3 gxh4 31. Ke1 Rd6 32. Bxh4 Rh6 33. Bf2 Rh1+ 34.
Nf1 Bh3 35. Ke2 Kf7 36. Rd1 Bxf1+ 37. Rxf1 Rxf1 38. Kxf1 Ke6 39. a4 Bf6 40. Kg2
Bg5 41. Kh3 Kf6 42. a5 h5 43. Bg1 Bd2 44. axb6 axb6 45. Bf2 Kg5 46. Kg3 h4+ 47.
Kg2 Bc1 48. Bg1 Bd2 49. Bh2 Bf4 50. Bg1 Kh5 51. Kh3 Bg3 52. Be3 Be1 53. Bg1 Kg5
1/2-1/2

[Event "I Festival Spiaggia di Velluto A"]
[Site "Senigallia ITA"]
[Date "2010.07.30"]
[Round "6"]
[White "Liverani, Matteo"]
[Black "Vesce, Emanuele"]
[Result "0-1"]
[WhiteElo "1842"]
[BlackElo "1735"]
[PlyCount "58"]
[EventDate "2010.07.26"]

1. b3 e5 2. Bb2 Nc6 3. e3 g6 4. f4 Bg7 5. Nf3 d6 6. Bb5 Bg4 7. h3 Bxf3 8. Qxf3
Nge7 9. fxe5 dxe5 10. O-O O-O 11. e4 Nd4 12. Bxd4 Qxd4+ 13. Qf2 Qxa1 14. Nc3
Qb2 15. Bc4 Qa3 16. Bxf7+ Kh8 17. Qh4 Qd6 18. Rf3 c6 19. Nd1 Qd4+ 20. Ne3 Nf5
21. Rxf5 gxf5 22. Bg6 h6 23. c3 Qd8 24. Qe1 fxe4 25. Ng4 Qg5 26. Bxe4 Rad8 27.
d3 Rd7 28. Qg3 h5 29. h4 Qxg4 0-1

[Event "I Festival Spiaggia di Velluto A"]
[Site "Senigallia ITA"]
[Date "2010.07.30"]
[Round "6"]
[White "Maddaloni, Giovanni"]
[Black "Maggiore, Francesco"]
[Result "1/2-1/2"]
[WhiteElo "1785"]
[BlackElo "1767"]
[PlyCount "69"]
[EventDate "2010.07.26"]

1. e4 e6 2. d4 d5 3. e5 c5 4. c3 Nc6 5. Nf3 Qb6 6. Be2 cxd4 7. cxd4 Nge7 8. b3
Nf5 9. Be3 Bb4+ 10. Nbd2 Nfxd4 11. O-O Bxd2 12. Qxd2 Nxf3+ 13. Bxf3 Qc7 14. Bf4
O-O 15. Rac1 Qa5 16. Qb2 Qb4 17. Bd2 Qd4 18. Bc3 Qb6 19. Rfe1 Bd7 20. Qd2 Rac8
21. Qg5 Nb4 22. Bxb4 Qxb4 23. Rcd1 Rc2 24. h4 Rxa2 25. Re3 Rb2 26. Red3 h6 27.
Qg3 Rxb3 28. Rd4 Qb6 29. Rg4 g6 30. Rxg6+ fxg6 31. Qxg6+ Kh8 32. Qxh6+ Kg8 33.
Qg6+ Kh8 34. Qh6+ Kg8 35. Be4 1/2-1/2

[Event "I Festival Spiaggia di Velluto A"]
[Site "Senigallia ITA"]
[Date "2010.07.30"]
[Round "6"]
[White "Marozzi, Giovanni"]
[Black "Cavezzana, Davide"]
[Result "1/2-1/2"]
[WhiteElo "1928"]
[BlackElo "1746"]
[PlyCount "107"]
[EventDate "2010.07.26"]

1. e4 e5 2. Nf3 Nf6 3. Nxe5 d6 4. Nf3 Nxe4 5. d3 Nf6 6. d4 d5 7. h3 Bf5 8. c3
c6 9. Be2 Bd6 10. O-O h6 11. Re1 O-O 12. Ne5 Nfd7 13. Bg4 Qf6 14. f4 Bxg4 15.
Qxg4 Bxe5 16. fxe5 Qe6 17. Qg3 Na6 18. Bf4 Rfe8 19. Nd2 Nf8 20. Nf3 Nc7 21. Re2
Qg6 22. Qxg6 Nxg6 23. g3 Ne6 24. Bd2 b5 25. h4 Ngf8 26. h5 Nh7 27. Rf1 Rad8 28.
Nh4 Nhg5 29. Bxg5 Nxg5 30. Nf5 Ne4 31. Kg2 Rd7 32. g4 Rdd8 33. Ng3 Ng5 34. Rfe1
Re6 35. Nf1 Rde8 36. Nd2 Kf8 37. Rf2 Kg8 38. Ref1 Rf8 39. Rf5 a6 40. R5f4 Re7
41. Kg3 Re6 42. a3 Re7 43. Kh4 Nh7 44. b4 Ng5 45. Nb3 Ne4 46. R1f3 f6 47. Nc5
Nxc5 48. bxc5 Re6 49. Re3 Rfe8 50. Rf5 Rf8 51. Kg3 a5 52. Ref3 a4 53. Kf2 Rf7
54. Kg3 1/2-1/2

[Event "I Festival Spiaggia di Velluto A"]
[Site "Senigallia ITA"]
[Date "2010.07.30"]
[Round "6"]
[White "Marvin, Elio"]
[Black "Faini, Ivano"]
[Result "1-0"]
[WhiteElo "1712"]
[BlackElo "1688"]
[PlyCount "53"]
[EventDate "2010.07.26"]

1. e4 d5 2. Nc3 d4 3. Nce2 e5 4. d3 f5 5. exf5 Bxf5 6. Ng3 Bg6 7. Nf3 Be7 8.
Be2 Nc6 9. O-O Nf6 10. Ng5 Qd7 11. Nh5 O-O 12. Nxf6+ Bxf6 13. Ne4 Rf7 14. f4
Raf8 15. Nxf6+ Rxf6 16. g3 Qh3 17. Bg4 Qh6 18. f5 Bxf5 19. Bxh6 Bxg4 20. Qxg4
Rxh6 21. Rxf8+ Kxf8 22. Rf1+ Rf6 23. Qc8+ Kf7 24. Qxc7+ Kg6 25. Rxf6+ gxf6 26.
Qxb7 Ne7 27. Qa6 1-0

[Event "I Festival Spiaggia di Velluto A"]
[Site "Senigallia ITA"]
[Date "2010.07.30"]
[Round "6"]
[White "Nagni, Marco"]
[Black "Simeone, Giulio"]
[Result "1/2-1/2"]
[WhiteElo "1898"]
[BlackElo "1911"]
[PlyCount "91"]
[EventDate "2010.07.26"]

1. d4 g6 2. c4 Bg7 3. Nc3 d6 4. e4 Nc6 5. Be3 e5 6. d5 Nce7 7. Bd3 f5 8. exf5
Nxf5 9. Bd2 Nf6 10. Nf3 O-O 11. h3 e4 12. Nxe4 Nxe4 13. Bxe4 Re8 14. Qc2 Qe7
15. Ng5 Nd4 16. Qd3 Bf5 17. f3 h6 18. Ne6 Qh4+ 19. Kd1 Nxe6 20. dxe6 Bxe4 21.
fxe4 Rxe6 22. Re1 Rae8 23. Rb1 Rxe4 24. Qd5+ Kh7 25. Rxe4 Rxe4 26. Qxb7 Rxc4
27. Rc1 Rxc1+ 28. Kxc1 Qc4+ 29. Kb1 Qf1+ 30. Kc2 Qc4+ 31. Kb1 Bd4 32. Qe4 Qf1+
33. Kc2 Qf6 34. Qg4 Bxb2 35. Qd7+ Qg7 36. Qc6 Bd4 37. h4 Bb6 38. g4 Qe7 39. h5
Qe6 40. Bc3 Qxg4 41. Qe8 Qf5+ 42. Kb3 Qb1+ 43. Bb2 Qd3+ 44. Bc3 Qd5+ 45. Kb2
Qg2+ 46. Kb3 1/2-1/2

[Event "I Festival Spiaggia di Velluto A"]
[Site "Senigallia ITA"]
[Date "2010.07.30"]
[Round "6"]
[White "Occhipinti, Giuseppe"]
[Black "Pescatore, Lorenzo"]
[Result "1/2-1/2"]
[WhiteElo "1970"]
[BlackElo "1980"]
[PlyCount "29"]
[EventDate "2010.07.26"]

1. e4 Nc6 2. Nf3 e5 3. Bb5 a6 4. Ba4 Nf6 5. O-O b5 6. Bb3 Be7 7. Re1 O-O 8. d4
Nxd4 9. Bxf7+ Rxf7 10. Nxe5 Rf8 11. Qxd4 c5 12. Qd1 Qc7 13. Nf3 Ng4 14. Nc3 Bb7
15. Nd5 1/2-1/2

[Event "I Festival Spiaggia di Velluto A"]
[Site "Senigallia ITA"]
[Date "2010.07.30"]
[Round "6"]
[White "Piva, Giorgio"]
[Black "Belezky, Alexander"]
[Result "0-1"]
[WhiteElo "2195"]
[BlackElo "2440"]
[PlyCount "62"]
[EventDate "2010.07.26"]

1. d4 Nf6 2. Bf4 g6 3. e3 Bg7 4. Be2 d6 5. Nf3 O-O 6. h3 b6 7. Nbd2 Bb7 8. O-O
Nbd7 9. a4 a5 10. c3 e6 11. Bh2 Qe7 12. Nc4 Ne4 13. Qc2 f5 14. b4 Ndf6 15. bxa5
bxa5 16. Nfd2 Nxd2 17. Nxd2 g5 18. Rab1 Ra7 19. Bf3 Bxf3 20. Nxf3 Nd5 21. Rfe1
Qf6 22. c4 Nb4 23. Qe2 g4 24. hxg4 fxg4 25. Nd2 Qg6 26. Nb3 Nd3 27. Rf1 Nxf2
28. Ra1 Ne4 29. Rxf8+ Bxf8 30. Bf4 Bg7 31. Nd2 Nc3 0-1

[Event "I Festival Spiaggia di Velluto A"]
[Site "Senigallia ITA"]
[Date "2010.07.30"]
[Round "6"]
[White "Rago, Riccardo"]
[Black "Lotti, Fabio"]
[Result "1/2-1/2"]
[WhiteElo "2103"]
[BlackElo "2033"]
[PlyCount "99"]
[EventDate "2010.07.26"]

1. e4 c6 2. d4 d5 3. Nc3 dxe4 4. Nxe4 Nf6 5. Ng3 h5 6. h4 Bg4 7. Be2 Qc7 8. Nf3
Nbd7 9. c4 e5 10. Nxe5 Nxe5 11. dxe5 Qxe5 12. O-O Bc5 13. Re1 Qxg3 14. Bxg4+
Kf8 15. Be3 Bxe3 16. Rxe3 Qxg4 17. Qd6+ Kg8 18. Rae1 Qd7 19. Qxd7 Nxd7 20. Re7
Nb6 21. b3 Rh6 22. Rxb7 Re6 23. Rxe6 fxe6 24. Re7 Kf8 25. Rxe6 Rc8 26. Rd6 Rc7
27. f3 Nc8 28. Rd8+ Kf7 29. Rh8 Kg6 30. Kf2 Nd6 31. Rd8 Nf5 32. g3 Kf6 33. Rh8
g6 34. g4 Kg7 35. Re8 hxg4 36. fxg4 Nxh4 37. Re5 Kf6 38. Rc5 g5 39. b4 Ng6 40.
Rf5+ Ke6 41. Rxg5 Ne5 42. Ke3 Nxc4+ 43. Kd4 Nd2 44. Rg6+ Kd7 45. Rg8 Ke6 46.
Rg6+ Kd7 47. Rg8 Rc8 48. Rg7+ Kd6 49. Rxa7 Rg8 50. Ke3 1/2-1/2

[Event "I Festival Spiaggia di Velluto A"]
[Site "Senigallia ITA"]
[Date "2010.07.30"]
[Round "6"]
[White "Raselli, Claudio"]
[Black "Cipollaro, Giovanni"]
[Result "1/2-1/2"]
[WhiteElo "1953"]
[BlackElo "1497"]
[PlyCount "21"]
[EventDate "2010.07.26"]

1. d4 d5 2. Nf3 Nf6 3. e3 e6 4. Bd3 Be7 5. Nbd2 Nbd7 6. O-O O-O 7. b3 b6 8. Bb2
Bb7 9. Ne5 c5 10. f4 Ne4 11. Ndf3 1/2-1/2

[Event "I Festival Spiaggia di Velluto A"]
[Site "Senigallia ITA"]
[Date "2010.07.30"]
[Round "6"]
[White "Riboldi, Raffaele"]
[Black "Gianfelici, Edoardo"]
[Result "1-0"]
[WhiteElo "1911"]
[BlackElo "2065"]
[PlyCount "89"]
[EventDate "2010.07.26"]

1. d4 Nf6 2. c4 g6 3. Nc3 Bg7 4. e4 d6 5. Nge2 O-O 6. Ng3 c5 7. d5 e6 8. Be2
exd5 9. exd5 Nbd7 10. O-O Ne8 11. Bf4 f5 12. Qd2 Bf6 13. Bh6 Ng7 14. f4 a6 15.
a4 b6 16. Bd3 Re8 17. Rfe1 Rxe1+ 18. Rxe1 Nf8 19. Bg5 Bxg5 20. fxg5 Nd7 21. h4
Ne5 22. Nce2 Bd7 23. b3 Ne8 24. Nf4 Nc7 25. Qc3 Qe7 26. Bc2 Re8 27. Nd3 Qg7 28.
Nxe5 Rxe5 29. Ne2 Qe7 30. Kf2 b5 31. Nf4 Rxe1 32. Qxe1 Qe5 33. Qxe5 dxe5 34.
Nd3 bxa4 35. bxa4 e4 36. Nxc5 Bc8 37. Ke3 Ne8 38. Kd4 Kf7 39. Bd1 Ke7 40. a5
Nd6 41. Nb3 Bd7 42. Be2 Ba4 43. Nc5 Bc2 44. Nxa6 Nb7 45. Nb4 1-0

[Event "I Festival Spiaggia di Velluto A"]
[Site "Senigallia ITA"]
[Date "2010.07.30"]
[Round "6"]
[White "Rizzardi, Franco"]
[Black "Rotoni, Matteo"]
[Result "1-0"]
[WhiteElo "2002"]
[BlackElo "2148"]
[PlyCount "123"]
[EventDate "2010.07.26"]

1. e4 e6 2. d4 d5 3. e5 c5 4. c3 Nc6 5. Be3 Qb6 6. Qd2 Bd7 7. f4 Nh6 8. Nf3 Nf5
9. Bd3 h5 10. Bf2 cxd4 11. Bxf5 exf5 12. Nxd4 Nxd4 13. Bxd4 Qa6 14. Kf2 h4 15.
Re1 Be6 16. Qe2 Qc6 17. Nd2 Be7 18. Nf3 Kf8 19. Qe3 b6 20. b4 Qa4 21. Qd3 Rc8
22. Re2 g6 23. Qe3 Kg7 24. Rae1 a5 25. bxa5 bxa5 26. Rb1 Rc7 27. Rb3 Rhc8 28.
Ng5 Rc4 29. Rd2 Qd7 30. Qh3 Rh8 31. Qe3 Rhc8 32. Rb6 Bc5 33. Rd6 Qe7 34. Qh3
Bxd4+ 35. cxd4 Rc3 36. Qxh4 Rh8 37. Nxe6+ Qxe6 38. Qf6+ Qxf6 39. exf6+ Kh6 40.
Rxd5 g5 41. Rxf5 gxf4 42. Rxf4 Kg5 43. Rf3 Rxf3+ 44. Kxf3 Rxh2 45. d5 Kxf6 46.
d6 Rh8 47. Ke4 Ke6 48. d7 Rd8 49. Rd5 f6 50. Kd4 Rxd7 51. Rxd7 Kxd7 52. Kd5 Ke7
53. a4 Kd7 54. Kc5 Ke6 55. Kb5 Kf5 56. Kxa5 Kg4 57. Kb4 Kg3 58. a5 Kxg2 59. a6
f5 60. a7 f4 61. a8=Q+ f3 62. Kc3 1-0

[Event "I Festival Spiaggia di Velluto A"]
[Site "Senigallia ITA"]
[Date "2010.07.30"]
[Round "6"]
[White "Salmoiraghi, Angelo"]
[Black "Spilli, Andrea"]
[Result "1-0"]
[WhiteElo "2172"]
[BlackElo "1757"]
[PlyCount "63"]
[EventDate "2010.07.26"]

1. d4 Nf6 2. c4 g6 3. g3 Bg7 4. Bg2 d6 5. Nf3 O-O 6. Nc3 Nbd7 7. O-O c6 8. e4
Qc7 9. h3 e5 10. Be3 h6 11. Qc2 Nh5 12. Qd2 g5 13. d5 Nb6 14. b3 c5 15. Rae1
Kh7 16. Qd1 Nf6 17. Nh2 Rg8 18. Kh1 a6 19. f4 exf4 20. gxf4 Ng4 21. Nxg4 Bxc3
22. e5 Bxg4 23. Qd3+ Bf5 24. Qxf5+ Rg6 25. Rc1 gxf4 26. Rxc3 fxe3 27. Rxe3 dxe5
28. Rxe5 Rf8 29. Be4 Kg8 30. Re6 Qg3 31. Rxg6+ Qxg6 32. Qf4 1-0

[Event "I Festival Spiaggia di Velluto A"]
[Site "Senigallia ITA"]
[Date "2010.07.30"]
[Round "6"]
[White "Schiappoli, Dario"]
[Black "Foglia, Maurizio"]
[Result "0-1"]
[WhiteElo "1944"]
[BlackElo "2187"]
[PlyCount "108"]
[EventDate "2010.07.26"]

1. e4 c6 2. d4 d5 3. Nd2 dxe4 4. Nxe4 Nd7 5. f4 Ngf6 6. Nf2 e6 7. Nd3 c5 8. Be3
Nd5 9. Bf2 c4 10. Nc5 Nxc5 11. dxc5 Qa5+ 12. Qd2 c3 13. bxc3 Bxc5 14. Bxc5 Qxc5
15. c4 Ne3 16. Bd3 Bd7 17. Nf3 Bc6 18. Qf2 Qb4+ 19. Ke2 Nxc4 20. Rab1 Bxf3+ 21.
gxf3 Qd2+ 22. Kf1 Qxf2+ 23. Kxf2 Nd6 24. Be4 Rb8 25. Rhd1 Ke7 26. Rb4 Rhd8 27.
Rbd4 f5 28. Bd3 Nf7 29. Ra4 a6 30. Re1 Kf6 31. Rb4 Nd6 32. Rb6 Rbc8 33. c4 Rc6
34. Rxc6 bxc6 35. c5 Nb5 36. Bc4 Nc7 37. Re2 Rd4 38. Bb3 Rxf4 39. Ke3 Rb4 40.
Rd2 Nd5+ 41. Kd3 a5 42. Bc4 e5 43. a3 Rb7 44. Kc2 Ne3+ 45. Kc3 Nxc4 46. Kxc4
Re7 47. Kb3 e4 48. fxe4 Rxe4 49. Rd6+ Re6 50. Rd2 f4 51. Ka4 f3 52. Rf2 Re3 53.
Kxa5 Rxa3+ 54. Kb6 Ke5 0-1

[Event "I Festival Spiaggia di Velluto A"]
[Site "Senigallia ITA"]
[Date "2010.07.30"]
[Round "6"]
[White "Turazza, Andrea"]
[Black "Gorgoglione, Enrico"]
[Result "0-1"]
[WhiteElo "1857"]
[BlackElo "1938"]
[PlyCount "63"]
[EventDate "2010.07.26"]

1. Nf3 c5 2. d3 d5 3. g3 Nc6 4. Bg2 e5 5. Nbd2 f6 6. O-O Be6 7. e4 d4 8. Nh4
Qd7 9. Qe2 Nb4 10. Nb3 Bd6 11. f4 O-O-O 12. fxe5 fxe5 13. Nf5 Bf8 14. Bd2 Nc6
15. Rac1 g6 16. Nh4 Be7 17. Nf3 Bg4 18. c3 Kb8 19. Qe1 b6 20. cxd4 Bxf3 21.
Rxf3 Nxd4 22. Nxd4 Qxd4+ 23. Kh1 Nf6 24. Rc4 Qd6 25. b4 Nd7 26. Bh3 Rhf8 27.
Rxf8 Rxf8 28. Qe3 Qc6 29. d4 Qb5 30. Bxd7 Qxc4 31. dxe5 Bg5 32. Qb3 0-1

[Event "I Festival Spiaggia di Velluto A"]
[Site "Senigallia ITA"]
[Date "2010.07.30"]
[Round "6"]
[White "Vezzosi, Paolo"]
[Black "Damia, Angelo"]
[Result "1/2-1/2"]
[WhiteElo "2362"]
[BlackElo "2281"]
[PlyCount "85"]
[EventDate "2010.07.26"]

1. d4 c5 2. d5 Nf6 3. c4 a6 4. a4 Ne4 5. Nf3 Qa5+ 6. Nfd2 b5 7. Qc2 Nxd2 8.
Bxd2 b4 9. e4 e5 10. f4 d6 11. fxe5 dxe5 12. Be2 Be7 13. Be3 Qd8 14. Nd2 a5 15.
Nb3 Na6 16. Qd1 Bd6 17. O-O Nb8 18. Bg4 O-O 19. Bxc8 Qxc8 20. Qh5 Qc7 21. Rf3
f6 22. Raf1 Qe7 23. h4 Nd7 24. Nd2 Rf7 25. Qg4 Nf8 26. h5 Qd7 27. Qxd7 Nxd7 28.
b3 Raf8 29. Rg3 Nb6 30. Nf3 Nc8 31. Nh4 Ne7 32. Nf5 Nxf5 33. exf5 Kh8 34. h6 g5
35. fxg6 hxg6 36. Rxg6 Kh7 37. Rg7+ Rxg7 38. hxg7 Kxg7 39. g4 Kg6 40. Kg2 Rh8
41. Re1 Rh7 42. Rf1 Rh8 43. Re1 1/2-1/2

[Event "I Festival Spiaggia di Velluto A"]
[Site "Senigallia ITA"]
[Date "2010.07.31"]
[Round "7"]
[White "Belezky, Alexander"]
[Black "Caruso, Augusto"]
[Result "1-0"]
[WhiteElo "2440"]
[BlackElo "2263"]
[PlyCount "205"]
[EventDate "2010.07.26"]

1. Nf3 e6 2. g3 f5 3. Bg2 Nf6 4. d4 d6 5. c4 Be7 6. O-O O-O 7. Nc3 Ne4 8. Nxe4
fxe4 9. Nd2 d5 10. f3 exf3 11. Nxf3 c5 12. cxd5 exd5 13. Be3 cxd4 14. Nxd4
Rxf1+ 15. Qxf1 Nc6 16. Qf3 Nxd4 17. Bxd4 Be6 18. Qe3 Qd7 19. Bxa7 h6 20. Bd4
Ra4 21. a3 Bg5 22. Qf2 Rc4 23. e3 Qc8 24. Bc3 Rxc3 25. bxc3 Qxc3 26. Re1 Qxa3
27. Qd2 Qc5 28. Qd4 b6 29. Qxc5 bxc5 30. Kf2 Bf6 31. Rc1 Be7 32. Rd1 d4 33.
exd4 cxd4 34. Be4 Kf7 35. Rb1 Bf6 36. Rb7+ Ke8 37. Ke2 Bc4+ 38. Kd2 Ba6 39.
Bg6+ Kd8 40. Ra7 Bb5 41. Kc2 Kc8 42. Be4 Kd8 43. Kb3 Be2 44. Kc2 Bb5 45. Bd3
Bd7 46. Kb3 Be6+ 47. Kb4 Be7+ 48. Kb5 Bd5 49. Bf5 Ke8 50. Rd7 Bg2 51. Rxd4 Kf7
52. Bd3 Bf6 53. Rd6 Bh3 54. Ka4 h5 55. Kb3 h4 56. gxh4 Bxh4 57. Bc4+ Ke7 58.
Rg6 Bf6 59. Rg3 Bf5 60. Re3+ Kd6 61. Bd3 Bd7 62. Re2 Bg4 63. Rg2 Bd1+ 64. Bc2
Bf3 65. Rf2 Bd5+ 66. Kb4 Ke5 67. Re2+ Kf4 68. Kc5 Bf3 69. Re1 Kg4 70. Rg1+ Kf4
71. Kd6 Bd4 72. Rf1 g5 73. Bd1 g4 74. h3 Kg3 75. hxg4 Bxg4 76. Kd5 Bxd1 77.
Kxd4 Bc2 78. Rc1 Ba4 79. Ke3 Bb3 80. Rc3 Bf7 81. Rc7 Bb3 82. Rb7 Bc2 83. Rc7
Bb3 84. Rg7+ Kh4 85. Kf4 Kh5 86. Kf5 Bc2+ 87. Kf6 Bb3 88. Rg5+ Kh4 89. Kf5 Bd1
90. Kf4 Kh3 91. Rg3+ Kh2 92. Rd3 Ba4 93. Kf3 Kg1 94. Rd6 Bb3 95. Rd4 Bf7 96.
Rd1+ Kh2 97. Rd2+ Kg1 98. Rf2 Bh5+ 99. Kg3 Bg6 100. Rf8 Bh5 101. Rf6 Bd1 102.
Rf5 Be2 103. Rc5 1-0

[Event "I Festival Spiaggia di Velluto A"]
[Site "Senigallia ITA"]
[Date "2010.07.31"]
[Round "7"]
[White "Bellincampi, Stefano"]
[Black "Occhipinti, Giuseppe"]
[Result "1/2-1/2"]
[WhiteElo "2047"]
[BlackElo "1970"]
[PlyCount "54"]
[EventDate "2010.07.26"]

1. e4 e5 2. Nf3 Nc6 3. Bb5 a6 4. Ba4 Nf6 5. O-O Be7 6. Re1 b5 7. Bb3 d6 8. c3
O-O 9. d4 Bg4 10. d5 Na5 11. Bc2 c6 12. h3 Bh5 13. dxc6 Qc7 14. Nbd2 Qxc6 15.
Nf1 Bg6 16. Ng3 Rfd8 17. Qe2 Nh5 18. Nf5 Bxf5 19. exf5 Nf6 20. a4 Nc4 21. b3
Nb6 22. axb5 axb5 23. Bd2 Nbd5 24. c4 Nb6 25. Ba5 bxc4 26. bxc4 Rdc8 27. Bxb6
Qxb6 1/2-1/2

[Event "I Festival Spiaggia di Velluto A"]
[Site "Senigallia ITA"]
[Date "2010.07.31"]
[Round "7"]
[White "Calza, Gabriele"]
[Black "Riboldi, Raffaele"]
[Result "1/2-1/2"]
[WhiteElo "1992"]
[BlackElo "1911"]
[PlyCount "74"]
[EventDate "2010.07.26"]

1. Nf3 d5 2. c4 d4 3. g3 c5 4. Bg2 Nc6 5. O-O e5 6. d3 Nge7 7. e3 Ng6 8. exd4
exd4 9. Re1+ Be7 10. Nbd2 O-O 11. Ne4 h6 12. a3 a5 13. b3 Bf5 14. h3 Qd7 15. g4
Be6 16. g5 Bxh3 17. gxh6 Bxg2 18. Kxg2 Qg4+ 19. Ng3 f5 20. Kf1 Rae8 21. Ng1
Qxd1 22. Rxd1 f4 23. hxg7 Kxg7 24. Ne4 f3 25. Ke1 Nce5 26. Kd2 b6 27. Nh3 Rh8
28. Nhg5 Bxg5+ 29. Nxg5 Nxc4+ 30. Kc2 Re2+ 31. Bd2 Nxd2 32. Rxd2 Rxd2+ 33. Kxd2
Rh2 34. Ne4 Ne5 35. Rg1+ Rg2 36. Rh1 Ng4 37. Ke1 Ne5 1/2-1/2

[Event "I Festival Spiaggia di Velluto A"]
[Site "Senigallia ITA"]
[Date "2010.07.31"]
[Round "7"]
[White "Cavezzana, Davide"]
[Black "Raselli, Claudio"]
[Result "1/2-1/2"]
[WhiteElo "1746"]
[BlackElo "1953"]
[PlyCount "39"]
[EventDate "2010.07.26"]

1. e4 c5 2. Nc3 Nc6 3. g3 Rb8 4. Bg2 b5 5. a3 g6 6. d3 Bg7 7. Nge2 e6 8. O-O
Nge7 9. Bf4 d6 10. Qc1 O-O 11. Bh6 Nd4 12. Bxg7 Kxg7 13. Nxd4 cxd4 14. Ne2 e5
15. c3 dxc3 16. Nxc3 Be6 17. Qe3 Nc6 18. Rac1 Nd4 19. Ne2 Nxe2+ 20. Qxe2
1/2-1/2

[Event "I Festival Spiaggia di Velluto A"]
[Site "Senigallia ITA"]
[Date "2010.07.31"]
[Round "7"]
[White "Cesarano, Marco"]
[Black "Marozzi, Giovanni"]
[Result "1-0"]
[WhiteElo "1845"]
[BlackElo "1928"]
[PlyCount "125"]
[EventDate "2010.07.26"]

1. d4 d5 2. Nf3 Bf5 3. c4 dxc4 4. Nc3 Nf6 5. e3 e6 6. Bxc4 c5 7. O-O Nc6 8. Qe2
cxd4 9. exd4 Be7 10. Rd1 O-O 11. a3 Nd5 12. Ne5 Bf6 13. g4 Bg6 14. Nxg6 hxg6
15. Qe4 Nxc3 16. bxc3 Qc8 17. g5 Bd8 18. d5 Na5 19. Ba2 exd5 20. Bxd5 Bb6 21.
Bb2 Qf5 22. Qxf5 gxf5 23. g6 Rad8 24. c4 Rxd5 25. gxf7+ Rxf7 26. cxd5 Nc4 27.
Bd4 Rd7 28. Bxb6 Nxb6 29. Rab1 Na4 30. Rbc1 b6 31. Rc8+ Kf7 32. d6 Nc5 33. f3
Ne6 34. Kf2 f4 35. h4 Kf6 36. Rd5 Nc5 37. Re8 Kf7 38. Re2 Kf6 39. Kg2 Ne6 40.
Kh3 Nd8 41. Kg4 g6 42. Kxf4 Ne6+ 43. Kg4 Ng7 44. Re7 Rxe7 45. dxe7 Kxe7 46. Kg5
Ne6+ 47. Kh6 Nf8 48. Rd4 a5 49. a4 Ne6 50. Re4 Kf6 51. Re1 Ng7 52. Rb1 Nf5+ 53.
Kh7 Nxh4 54. Rxb6+ Ke5 55. Rb5+ Kd4 56. Rxa5 Nxf3 57. Kxg6 Kc4 58. Rb5 Nd4 59.
Rb7 Kc5 60. a5 Kc6 61. a6 Ne6 62. Rb1 Nc7 63. a7 1-0

[Event "I Festival Spiaggia di Velluto A"]
[Site "Senigallia ITA"]
[Date "2010.07.31"]
[Round "7"]
[White "Cipollaro, Giovanni"]
[Black "Marsili, Riccardo"]
[Result "0-1"]
[WhiteElo "1497"]
[BlackElo "1914"]
[PlyCount "95"]
[EventDate "2010.07.26"]

1. d4 Nf6 2. c4 c5 3. Nf3 cxd4 4. Nxd4 g6 5. Nc3 Nc6 6. e4 Nxd4 7. Qxd4 d6 8.
Be2 Bg7 9. O-O O-O 10. f3 Be6 11. Qd3 Rc8 12. Nd5 Bxd5 13. cxd5 Nd7 14. Be3 Nc5
15. Qd2 f5 16. Bd4 Qb6 17. Qe3 Bxd4 18. Qxd4 fxe4 19. fxe4 Nxe4 20. Qxb6 axb6
21. Rfe1 Nf6 22. Bf3 Kf7 23. Re3 Rc5 24. Rae1 Re8 25. Rd1 Rec8 26. Rb3 b5 27.
Kf2 Ra8 28. a3 Ra4 29. Rd2 g5 30. g3 g4 31. Bg2 Ne4+ 32. Bxe4 Rxe4 33. Re3 Rcc4
34. Ke2 Kf6 35. Rxe4 Rxe4+ 36. Kd3 Ke5 37. Rf2 Kxd5 38. Rf5+ Re5 39. Rf4 h5 40.
Rf8 e6 41. Rb8 Kc6 42. Rc8+ Kd7 43. Rb8 Kc7 44. Re8 Re1 45. Rh8 Re5 46. Re8 b6
47. Kc3 Re2 48. Kd4 0-1

[Event "I Festival Spiaggia di Velluto A"]
[Site "Senigallia ITA"]
[Date "2010.07.31"]
[Round "7"]
[White "Damia, Angelo"]
[Black "Salmoiraghi, Angelo"]
[Result "1/2-1/2"]
[WhiteElo "2281"]
[BlackElo "2172"]
[PlyCount "47"]
[EventDate "2010.07.26"]

1. f4 g6 2. Nf3 Bg7 3. e3 d5 4. Be2 c5 5. O-O Nf6 6. d4 Nbd7 7. c3 O-O 8. Ne5
Qc7 9. Nd2 Ne4 10. Nxe4 dxe4 11. Bd2 b6 12. b4 Nxe5 13. fxe5 f6 14. exf6 exf6
15. Rc1 c4 16. Be1 Bh6 17. Qd2 Be6 18. Bg3 Qd7 19. Bf4 Bg7 20. Ra1 Rac8 21. a4
a6 22. a5 b5 23. Kh1 h5 24. h4 1/2-1/2